[Event "CZE-chT2A 1920"]
[Site "Czech Republic"]
[Date "2019.12.01"]
[Round "4.1"]
[White "Novy, Filip"]
[Black "Hausner, Ivan"]
[Result "0-1"]
[WhiteElo "2190"]
[BlackElo "2339"]
[PlyCount "56"]
[EventDate "2019.10.13"]
[EventType "team-tourn"]
[EventRounds "11"]
[EventCountry "CZE"]
[SourceTitle "EXT 2024"]
[Source "ChessBase"]
[SourceDate "2023.10.10"]
[SourceVersion "1"]
[SourceVersionDate "2023.10.10"]
[SourceQuality "1"]
[WhiteTeam "Praha Mahrla"]
[BlackTeam "Pisek"]
[WhiteTeamCountry "CZE"]
[BlackTeamCountry "CZE"]

1. e4 d6 2. d4 Nf6 3. Nc3 c6 4. f4 Qa5 5. Bd3 e5 6. dxe5 dxe5 7. fxe5 Ng4 8. Nf3 Bc5 9. Qe2 Bf2+ 10. Kf1 Bb6 11. Bd2 Qc5 12. Na4 Qe7 13. Nxb6 axb6 14. Bc3 Nd7 15. e6 fxe6 16. e5 Nc5 17. h3 Nh6 18. g4 Nxd3 19. Qxd3 Bd7 20. b4 c5 21. b5 c4 22. Qxc4 Rc8 23. Qd3 Qc5 24. Bd4 Qd5 25. Rb1 0-0 26. Kg2 Rxc2+ 27. Kg3 Rxf3+ 28. Qxf3 Qxd4 0-1

[Event "CZE-chT2A 1920"]
[Site "Czech Republic"]
[Date "2019.11.17"]
[Round "3.1"]
[White "Palek, Miroslav"]
[Black "Novy, Filip"]
[Result "1-0"]
[WhiteElo "2160"]
[BlackElo "2190"]
[PlyCount "77"]
[EventDate "2019.10.13"]
[EventType "team-tourn"]
[EventRounds "11"]
[EventCountry "CZE"]
[SourceTitle "EXT 2024"]
[Source "ChessBase"]
[SourceDate "2023.10.10"]
[SourceVersion "1"]
[SourceVersionDate "2023.10.10"]
[SourceQuality "1"]
[WhiteTeam "Domazlice"]
[BlackTeam "Praha Mahrla"]
[WhiteTeamCountry "CZE"]
[BlackTeamCountry "CZE"]

1. e4 c5 2. Nf3 Nc6 3. Bb5 g6 4. 0-0 Bg7 5. c3 Nf6 6. Qe2 0-0 7. d3 Qc7 8. Be3 a6 9. Ba4 b5 10. Bc2 d6 11. a4 Bb7 12. Na3 b4 13. Nc4 bxc3 14. bxc3 Nd7 15. Bd2 e6 16. Bf4 Nce5 17. Nfxe5 Nxe5 18. Nxe5 Bxe5 19. Bxe5 dxe5 20. Bb3 Bc6 21. Bc4 Rfb8 22. Qa2 a5 23. Qa3 Bd7 24. Rfb1 Rxb1+ 25. Rxb1 Rb8 26. Bb5 Qd6 27. h3 Bxb5 28. Rxb5 Rxb5 29. axb5 Qxd3 30. Qxc5 a4 31. b6 a3 32. Qc8+ Kg7 33. b7 a2 34. b8Q a1Q+ 35. Kh2 Qaxc3 36. Qh8+ Kh6 37. Qbf8+ Kg5 38. Qxf7 Qxe4 39. Qff6+ 1-0

[Event "CZE-chT2A 1920"]
[Site "Czech Republic"]
[Date "2019.11.03"]
[Round "2.1"]
[White "Novy, Filip"]
[Black "Bodicky, Michal"]
[Result "1/2-1/2"]
[WhiteElo "2190"]
[BlackElo "2095"]
[PlyCount "38"]
[EventDate "2019.10.13"]
[EventType "team-tourn"]
[EventRounds "11"]
[EventCountry "CZE"]
[SourceTitle "EXT 2024"]
[Source "ChessBase"]
[SourceDate "2023.10.10"]
[SourceVersion "1"]
[SourceVersionDate "2023.10.10"]
[SourceQuality "1"]
[WhiteTeam "Praha Mahrla"]
[BlackTeam "Pribram Banik"]
[WhiteTeamCountry "CZE"]
[BlackTeamCountry "CZE"]

1. e4 e5 2. Nf3 Nc6 3. d4 exd4 4. Bc4 Bb4+ 5. c3 dxc3 6. bxc3 Bc5 7. Bxf7+ Kxf7 8. Qd5+ Kf8 9. Qxc5+ d6 10. Qe3 Nh6 11. h3 Nf7 12. Ba3 Qf6 13. Nbd2 h5 14. Nd4 Rh6 15. f4 Kg8 16. 0-0 Bd7 17. Rae1 Rg6 18. Re2 Nxd4 19. cxd4 Bb5 1/2-1/2

[Event "Prague Zita Memorial"]
[Site "Prague"]
[Date "2019.06.24"]
[Round "4"]
[White "Netusil, Miloslav"]
[Black "Novy, Filip"]
[Result "0-1"]
[WhiteElo "2189"]
[BlackElo "2170"]
[PlyCount "54"]
[EventDate "2019.06.22"]
[EventType "tourn"]
[EventRounds "9"]
[EventCountry "CZE"]
[SourceTitle "CBM 191 Extra"]
[Source "ChessBase"]
[SourceDate "2019.09.30"]
[SourceVersion "1"]
[SourceVersionDate "2019.09.30"]
[SourceQuality "1"]

1. d4 Nf6 2. Nf3 e6 3. Bf4 c5 4. e3 Nc6 5. c3 Be7 6. h3 0-0 7. Nbd2 b6 8. Bd3 Bb7 9. Bh2 d5 10. 0-0 Re8 11. Qe2 Nd7 12. Rad1 Bf6 13. e4 cxd4 14. e5 dxc3 15. exf6 cxd2 16. fxg7 e5 17. Bf5 Nc5 18. Qxd2 Qf6 19. Bb1 e4 20. Nd4 Nxd4 21. Qxd4 Qxd4 22. Rxd4 Kxg7 23. f3 f5 24. g4 Ne6 25. Rdd1 Ng5 26. fxe4 fxe4 27. Rf5 Nf3+ 0-1

[Event "CZE-chT2C 1819"]
[Site "Czech Republic"]
[Date "2019.03.31"]
[Round "11.3"]
[White "Safarik, Jakub"]
[Black "Novy, Filip"]
[Result "1-0"]
[WhiteElo "2167"]
[BlackElo "2123"]
[PlyCount "67"]
[EventDate "2018.10.14"]
[EventType "team-tourn"]
[EventRounds "11"]
[EventCountry "CZE"]
[SourceTitle "EXT 2022"]
[Source "ChessBase"]
[SourceDate "2021.10.06"]
[SourceVersion "1"]
[SourceVersionDate "2021.10.06"]
[SourceQuality "1"]
[WhiteTeam "Lipa"]
[BlackTeam "Praha Mahrla"]
[WhiteTeamCountry "CZE"]
[BlackTeamCountry "CZE"]

1. d4 Nf6 2. c4 c5 3. d5 e6 4. Nc3 exd5 5. cxd5 d6 6. Nf3 g6 7. Bf4 a6 8. a4 Bg7 9. h3 0-0 10. e3 Qc7 11. Be2 Nbd7 12. 0-0 Rb8 13. Nd2 Ne5 14. Bh2 g5 15. f4 gxf4 16. exf4 Ng6 17. Bd3 c4 18. Bxc4 b5 19. axb5 axb5 20. Bd3 b4 21. Nce4 Nxd5 22. f5 Qb6+ 23. Kh1 Ne3 24. Qh5 Nxf5 25. Rxf5 Bxf5 26. Qxf5 Bxb2 27. Nc4 Qd4 28. Nxb2 Qxb2 29. Rb1 Qd4 30. Rf1 Rbd8 31. h4 Kg7 32. h5 Qxd3 33. Qf6+ Kh6 34. Bf4+ 1-0

[Event "CZE-chT2C 1819"]
[Site "Czech Republic"]
[Date "2019.03.17"]
[Round "10.3"]
[White "Novy, Filip"]
[Black "Munk, Petr"]
[Result "1-0"]
[WhiteElo "2123"]
[BlackElo "2137"]
[PlyCount "39"]
[EventDate "2018.10.14"]
[EventType "team-tourn"]
[EventRounds "11"]
[EventCountry "CZE"]
[SourceTitle "EXT 2022"]
[Source "ChessBase"]
[SourceDate "2021.10.06"]
[SourceVersion "1"]
[SourceVersionDate "2021.10.06"]
[SourceQuality "1"]
[WhiteTeam "Praha Mahrla"]
[BlackTeam "Lysa nad Labem IV"]
[WhiteTeamCountry "CZE"]
[BlackTeamCountry "CZE"]

1. e4 e6 2. Nf3 d5 3. e5 c5 4. b4 cxb4 5. a3 Nh6 6. axb4 Bxb4 7. c3 Be7 8. d4 Nf5 9. Bd3 Nc6 10. 0-0 0-0 11. Kh1 Na5 12. g4 Nh6 13. Rg1 Nc4 14. Bc2 f6 15. exf6 Rxf6 16. g5 Rxf3 17. gxh6 Rf7 18. Qh5 e5 19. Bxh7+ Kf8 20. Bg6 1-0

[Event "CZE-chT2C 1819"]
[Site "Czech Republic"]
[Date "2019.01.27"]
[Round "7.3"]
[White "Vitak, Jiri"]
[Black "Novy, Filip"]
[Result "1-0"]
[WhiteElo "2064"]
[BlackElo "2123"]
[PlyCount "33"]
[EventDate "2018.10.14"]
[EventType "team-tourn"]
[EventRounds "11"]
[EventCountry "CZE"]
[SourceTitle "EXT 2022"]
[Source "ChessBase"]
[SourceDate "2021.10.06"]
[SourceVersion "1"]
[SourceVersionDate "2021.10.06"]
[SourceQuality "1"]
[WhiteTeam "Liberec Desko"]
[BlackTeam "Praha Mahrla"]
[WhiteTeamCountry "CZE"]
[BlackTeamCountry "CZE"]

1. d4 Nf6 2. Nf3 g6 3. g3 Bg7 4. Bg2 0-0 5. 0-0 d6 6. c4 c6 7. Nc3 Qa5 8. Qc2 Qh5 9. Rd1 Bf5 10. Qb3 Nbd7 11. Qxb7 c5 12. Qa6 Bh3 13. Bh1 Ng4 14. Nd5 Nxh2 15. Nxh2 Qxe2 16. Bf3 Qc2 17. Ne3 1-0

[Event "CZE-ch U20"]
[Site "Kouty nad Desnou"]
[Date "2018.03.16"]
[Round "10"]
[White "Novy, Filip"]
[Black "Husek, Martin"]
[Result "0-1"]
[WhiteElo "2143"]
[BlackElo "2203"]
[PlyCount "80"]
[EventDate "2018.03.09"]
[EventType "tourn"]
[EventRounds "11"]
[EventCountry "CZE"]
[SourceTitle "CBM 183 Extra"]
[Source "ChessBase"]
[SourceDate "2018.04.19"]
[SourceVersion "1"]
[SourceVersionDate "2018.04.19"]
[SourceQuality "1"]

1. c4 c5 2. Nc3 g6 3. g3 Bg7 4. Bg2 Nc6 5. Nf3 e6 6. a3 a5 7. 0-0 Nge7 8. d3 0-0 9. Qc2 b6 10. b3 d5 11. e3 Nf5 12. Ne1 Bb7 13. Rb1 d4 14. Ne2 dxe3 15. fxe3 Qd7 16. Nf3 Rad8 17. Rd1 h5 18. Qd2 Ne5 19. Nxe5 Bxe5 20. Bb2 Bxb2 21. Rxb2 Bxg2 22. Kxg2 Qb7+ 23. Kf2 h4 24. Nc3 Nh6 25. h3 hxg3+ 26. Kg1 Nf5 27. Ne4 Nh4 28. Qe2 f5 29. Nxg3 Nf3+ 30. Kf2 f4 31. Ne4 fxe3+ 32. Kg2 Nh4+ 33. Kg1 Rf2 34. Qg4 Rxb2 35. Qxh4 Rf8 36. Rf1 Rxf1+ 37. Kxf1 Qf7+ 38. Ke1 Rb1+ 39. Ke2 Qf1+ 40. Kxe3 Re1+ 0-1

[Event "CZE-ch U20"]
[Site "Kouty nad Desnou"]
[Date "2018.03.15"]
[Round "8"]
[White "Novy, Filip"]
[Black "Hurdzan, Tomas"]
[Result "1-0"]
[WhiteElo "2143"]
[BlackElo "2202"]
[PlyCount "59"]
[EventDate "2018.03.09"]
[EventType "tourn"]
[EventRounds "11"]
[EventCountry "CZE"]
[SourceTitle "CBM 183 Extra"]
[Source "ChessBase"]
[SourceDate "2018.04.19"]
[SourceVersion "1"]
[SourceVersionDate "2018.04.19"]
[SourceQuality "1"]

1. e4 c5 2. Nf3 Nc6 3. d4 cxd4 4. Nxd4 Nf6 5. Nc3 d6 6. Bg5 e6 7. Bb5 Bd7 8. Bxc6 bxc6 9. Qf3 h6 10. Bh4 Qb6 11. Nb3 Be7 12. 0-0-0 Qc7 13. e5 dxe5 14. Rhe1 Rd8 15. Ne4 Nd5 16. Bxe7 Kxe7 17. c4 Nb6 18. Nd6 Be8 19. c5 Nd5 20. Qg3 Kf8 21. Qxe5 Qe7 22. f4 f6 23. Qe4 Rxd6 24. cxd6 Qxd6 25. Qxe6 Qxe6 26. Rxe6 Nxf4 27. Re4 Nd5 28. Ra4 g5 29. Rxa7 Ne3 30. Rd8 1-0

[Event "CZE-ch U20"]
[Site "Kouty nad Desnou"]
[Date "2018.03.15"]
[Round "9"]
[White "Zeman, Matyas"]
[Black "Novy, Filip"]
[Result "1-0"]
[WhiteElo "2240"]
[BlackElo "2143"]
[PlyCount "85"]
[EventDate "2018.03.09"]
[EventType "tourn"]
[EventRounds "11"]
[EventCountry "CZE"]
[SourceTitle "CBM 183 Extra"]
[Source "ChessBase"]
[SourceDate "2018.04.19"]
[SourceVersion "1"]
[SourceVersionDate "2018.04.19"]
[SourceQuality "1"]

1. d4 Nf6 2. Nf3 c5 3. d5 e6 4. Nc3 Nxd5 5. Nxd5 exd5 6. Qxd5 Nc6 7. Bg5 Be7 8. c3 0-0 9. Bxe7 Qxe7 10. 0-0-0 Rd8 11. Qd6 b6 12. e3 Bb7 13. Bb5 Qe6 14. b3 Na5 15. Kb2 Qg4 16. Rhg1 Bxf3 17. gxf3 Qxf3 18. Rd2 Kh8 19. Qe5 Rg8 20. Rg3 Nc6 21. Qg5 Qe4 22. Rxd7 Ne5 23. f3 Nxf3 24. Qf4 Qxf4 25. exf4 Nh4 26. Rxf7 a6 27. Bd3 Raf8 28. Rgxg7 Rxg7 29. Rxf8+ Rg8 30. Rxg8+ Kxg8 31. Be4 Kg7 32. Kc2 Ng6 33. Bxg6 Kxg6 34. Kd3 Kf5 35. Ke3 b5 36. h3 a5 37. c4 bxc4 38. bxc4 h6 39. Kf3 Kf6 40. Ke4 a4 41. a3 Ke6 42. f5+ Kf6 43. Kf4 1-0

[Event "CZE-ch U20"]
[Site "Kouty nad Desnou"]
[Date "2018.03.14"]
[Round "7"]
[White "Rastocny, Josef"]
[Black "Novy, Filip"]
[Result "0-1"]
[WhiteElo "2098"]
[BlackElo "2143"]
[PlyCount "48"]
[EventDate "2018.03.09"]
[EventType "tourn"]
[EventRounds "11"]
[EventCountry "CZE"]
[SourceTitle "CBM 183 Extra"]
[Source "ChessBase"]
[SourceDate "2018.04.19"]
[SourceVersion "1"]
[SourceVersionDate "2018.04.19"]
[SourceQuality "1"]

1. d4 Nf6 2. c4 c5 3. d5 e6 4. Nc3 exd5 5. cxd5 d6 6. Nf3 g6 7. Nd2 Bg7 8. e4 0-0 9. Be2 Na6 10. 0-0 Nc7 11. a4 b6 12. Kh1 Rb8 13. f3 a6 14. Nc4 b5 15. Qb3 Bb7 16. axb5 axb5 17. Na5 Ba8 18. Nc6 Bxc6 19. dxc6 Qe8 20. Nxb5 Qxc6 21. Ra5 Rb6 22. Qa4 Rfb8 23. Nxc7 Qxc7 24. Bc4 Rb4 0-1

[Event "Prague op 17th"]
[Site "Prague"]
[Date "2018.01.14"]
[Round "4"]
[White "Novy, Filip"]
[Black "Krishnater, Kushager"]
[Result "1/2-1/2"]
[WhiteElo "2217"]
[BlackElo "2021"]
[PlyCount "48"]
[EventDate "2018.01.12"]
[EventType "swiss"]
[EventRounds "9"]
[EventCountry "CZE"]
[SourceTitle "CBM 182 Extra"]
[Source "ChessBase"]
[SourceDate "2018.02.23"]
[SourceVersion "1"]
[SourceVersionDate "2018.02.23"]
[SourceQuality "1"]

1. d4 Nf6 2. c4 e6 3. Nf3 c5 4. Nc3 cxd4 5. Nxd4 Bb4 6. Ndb5 d5 7. Bf4 0-0 8. e3 Nc6 9. a3 Ba5 10. b4 a6 11. Nd4 Bc7 12. Bxc7 Qxc7 13. c5 e5 14. Nf3 d4 15. exd4 exd4 16. Na4 Bf5 17. Bd3 Rfe8+ 18. Kf1 Bg4 19. Nb6 Rad8 20. Nc4 Qf4 21. Qd2 Nd5 22. Qxf4 Nxf4 23. Rd1 Be6 24. Nb6 Bb3 1/2-1/2

[Event "CZE-chT rap"]
[Site "Pardubice"]
[Date "2017.07.15"]
[Round "4.5"]
[White "Novy, Filip"]
[Black "Kratochvil, Karel"]
[Result "0-1"]
[WhiteElo "2148"]
[BlackElo "2210"]
[PlyCount "42"]
[EventDate "2017.07.13"]
[EventType "team-swiss"]
[EventRounds "7"]
[EventCountry "CZE"]
[SourceTitle "EXT 2018"]
[Source "ChessBase"]
[SourceDate "2017.10.13"]
[SourceVersion "1"]
[SourceVersionDate "2017.10.13"]
[SourceQuality "1"]
[WhiteTeam "Praha Oaza Juniors"]
[BlackTeam "Brno Lokomotiva"]
[WhiteTeamCountry "CZE"]
[BlackTeamCountry "CZE"]

1. c4 Nf6 2. Nc3 e5 3. g3 Bb4 4. Bg2 Bxc3 5. bxc3 0-0 6. Nf3 d6 7. 0-0 h6 8. d3 Nc6 9. Rb1 Rb8 10. Nd2 Bd7 11. Qc2 Nh7 12. e3 Qe7 13. Nb3 f5 14. f4 Nf6 15. Bxc6 bxc6 16. c5 exf4 17. exf4 Rfe8 18. Ba3 Qe3+ 19. Kg2 Ng4 20. Nd4 Rxb1 21. Rxb1 Qxd4 0-1

[Event "CZE-chT rap"]
[Site "Pardubice"]
[Date "2017.07.14"]
[Round "3.3"]
[White "Sodoma, Jan"]
[Black "Novy, Filip"]
[Result "1/2-1/2"]
[WhiteElo "2351"]
[BlackElo "2148"]
[PlyCount "60"]
[EventDate "2017.07.13"]
[EventType "team-swiss"]
[EventRounds "7"]
[EventCountry "CZE"]
[SourceTitle "EXT 2018"]
[Source "ChessBase"]
[SourceDate "2017.10.13"]
[SourceVersion "1"]
[SourceVersionDate "2017.10.13"]
[SourceQuality "1"]
[WhiteTeam "Turnov Zikuda"]
[BlackTeam "Praha Oaza Juniors"]
[WhiteTeamCountry "CZE"]
[BlackTeamCountry "CZE"]

1. d4 Nf6 2. c4 e6 3. Nc3 c5 4. d5 exd5 5. cxd5 d6 6. Nf3 g6 7. Nd2 Bg7 8. e4 0-0 9. Be2 Re8 10. 0-0 Na6 11. Qc2 Nc7 12. a4 b6 13. Re1 Rb8 14. Nc4 Ba6 15. Bf4 Bxc4 16. Bxc4 Nh5 17. Be3 a6 18. Be2 Nf6 19. Rab1 b5 20. axb5 Nxb5 21. Bxb5 axb5 22. b4 cxb4 23. Rxb4 Rc8 24. Bd2 Nxd5 25. exd5 Rxe1+ 26. Bxe1 Qc7 27. Rxb5 Bxc3 28. Bxc3 Qxc3 29. Qxc3 Rxc3 30. Kf1 Kf8 1/2-1/2

[Event "Prague Golden op 13th"]
[Site "Prague"]
[Date "2017.07.09"]
[Round "9"]
[White "Novy, Filip"]
[Black "Koper, Stefan"]
[Result "1-0"]
[WhiteElo "2148"]
[BlackElo "1931"]
[PlyCount "61"]
[EventDate "2017.07.01"]
[EventType "swiss"]
[EventRounds "9"]
[EventCountry "CZE"]
[SourceTitle "CBM 179 Extra"]
[Source "ChessBase"]
[SourceDate "2017.08.23"]
[SourceVersion "1"]
[SourceVersionDate "2017.08.23"]
[SourceQuality "1"]

1. d4 Nf6 2. c4 g6 3. Nc3 Bg7 4. e4 d6 5. f3 Nbd7 6. Be3 c6 7. Qd2 h6 8. Bd3 Qc7 9. Nge2 a6 10. a4 e5 11. 0-0 b6 12. b4 c5 13. dxc5 dxc5 14. Nd5 Nxd5 15. cxd5 h5 16. Rfc1 Qd6 17. a5 Bb7 18. axb6 cxb4 19. Rc7 Rb8 20. Bxa6 Bxa6 21. Rxa6 0-0 22. Rc6 Qe7 23. Ra7 Rfd8 24. d6 Qe6 25. Qxb4 Bf8 26. Nc3 Nf6 27. Nb5 Ne8 28. Bc5 Rd7 29. Nc7 Nxc7 30. dxc7 Qxc6 31. cxb8Q 1-0

[Event "CZE-chT U18 Extraliga final-A 1617"]
[Site "Czech Republic"]
[Date "2017.04.22"]
[Round "9.3"]
[White "Fialka, Adam"]
[Black "Novy, Filip"]
[Result "1/2-1/2"]
[WhiteElo "1833"]
[BlackElo "2007"]
[PlyCount "38"]
[EventDate "2016.10.01"]
[EventType "team-tourn"]
[EventRounds "11"]
[EventCountry "CZE"]
[SourceTitle "EXT 2022"]
[Source "ChessBase"]
[SourceDate "2021.10.06"]
[SourceVersion "1"]
[SourceVersionDate "2021.10.06"]
[SourceQuality "1"]
[WhiteTeam "Orlova Slavia U18"]
[BlackTeam "Praha Oaza U18"]
[WhiteTeamCountry "CZE"]
[BlackTeamCountry "CZE"]

1. e4 c5 2. c4 Nc6 3. d3 g6 4. g3 Bg7 5. Bg2 e6 6. Nc3 Nge7 7. Nge2 0-0 8. 0-0 f5 9. f4 a6 10. Be3 Nd4 11. e5 d6 12. Nxd4 cxd4 13. Bxd4 dxe5 14. Bxe5 Bxe5 15. fxe5 Qd4+ 16. Kh1 Rd8 17. Qe2 Nc6 18. Bxc6 bxc6 19. Rf4 Qd7 1/2-1/2

[Event "Kouty nad Desnou op-A"]
[Site "Kouty nad Desnou"]
[Date "2017.03.15"]
[Round "6"]
[White "Novy, Filip"]
[Black "Hlavac, Rudolf"]
[Result "1/2-1/2"]
[WhiteElo "2227"]
[BlackElo "2002"]
[PlyCount "101"]
[EventDate "2017.03.11"]
[EventType "swiss"]
[EventRounds "9"]
[EventCountry "CZE"]
[SourceTitle "CBM 177 Extra"]
[Source "ChessBase"]
[SourceDate "2017.04.27"]
[SourceVersion "1"]
[SourceVersionDate "2017.04.27"]
[SourceQuality "1"]

1. e4 c5 2. Nc3 Nc6 3. Bb5 g6 4. Bxc6 dxc6 5. d3 Bg7 6. Be3 b6 7. Qd2 e5 8. f4 exf4 9. Bxf4 h6 10. Nf3 Qe7 11. 0-0 g5 12. Bg3 Nf6 13. Ne5 Qe6 14. Nc4 0-0 15. Rae1 Nh5 16. Bd6 Rd8 17. e5 Qg6 18. Ne4 Be6 19. Ne3 Nf4 20. Rf2 Rd7 21. a4 Rad8 22. Ref1 Bxe5 23. Bxe5 Qxe4 24. Bxf4 gxf4 25. Rxf4 Qg6 26. R1f3 Kh7 27. Rg3 Qh5 28. Ng4 Bxg4 29. Rfxg4 Qe5 30. Rh3 Rd6 31. Rgh4 Qg7 32. Qf4 Qd4+ 33. Kf1 Qxf4+ 34. Rxf4 R8d7 35. Ke2 Re6+ 36. Re3 Rxe3+ 37. Kxe3 Kg6 38. a5 b5 39. Re4 Kf6 40. Kf4 Rd8 41. g4 Rd7 42. Re8 c4 43. dxc4 Rd4+ 44. Re4 Rd2 45. cxb5 cxb5 46. a6 Rxc2 47. Rb4 Rc6 48. Rxb5 Rxa6 49. h4 Ra4+ 50. b4 a5 51. Rxa5 1/2-1/2

[Event "Kouty nad Desnou op-A"]
[Site "Kouty nad Desnou"]
[Date "2017.03.13"]
[Round "3"]
[White "Homolkova, Ivana"]
[Black "Novy, Filip"]
[Result "0-1"]
[WhiteElo "1783"]
[BlackElo "2227"]
[PlyCount "154"]
[EventDate "2017.03.11"]
[EventType "swiss"]
[EventRounds "9"]
[EventCountry "CZE"]
[SourceTitle "CBM 177 Extra"]
[Source "ChessBase"]
[SourceDate "2017.04.27"]
[SourceVersion "1"]
[SourceVersionDate "2017.04.27"]
[SourceQuality "1"]

1. e4 c5 2. Nf3 e6 3. c4 d6 4. d4 cxd4 5. Nxd4 Nf6 6. Nc3 b6 7. Be2 Bb7 8. f3 a6 9. Be3 Qc7 10. Qd2 Nc6 11. Rc1 Ne5 12. b3 Be7 13. 0-0 0-0 14. Rfd1 Rac8 15. Na4 Ned7 16. Bf1 Bc6 17. Nxc6 Qxc6 18. Qf2 Nc5 19. Nxc5 bxc5 20. Qg3 Rfd8 21. Bh6 g6 22. Qh4 Qb7 23. Bg5 Kg7 24. Qh6+ Kh8 25. Qh4 Ng8 26. Bxe7 Qxe7 27. Qxe7 Nxe7 28. Rd2 Nc6 29. Bd3 Nd4 30. Bc2 Rb8 31. Kf2 Kg7 32. Ke3 a5 33. Rb1 Rb6 34. Kd3 Kf6 35. Bd1 Rdb8 36. Ke3 a4 37. Rd3 axb3 38. Bxb3 Rb4 39. Rc3 d5 40. exd5 exd5 41. Kd3 Nxb3 42. Rbxb3 dxc4+ 43. Rxc4 Rxb3+ 44. axb3 Rxb3+ 45. Kc2 Re3 46. Kd2 Re5 47. g4 Ke6 48. f4 Kd5 49. Rxc5+ Kxc5 50. fxe5 Kd4 51. Ke2 Kxe5 52. Kf3 g5 53. Ke3 h6 54. h3 f6 55. Kf3 Kd4 56. Kf2 Ke4 57. Ke2 Kf4 58. Kf2 f5 59. gxf5 Kxf5 60. Ke3 Ke5 61. Kf3 Kf5 62. Ke3 Ke5 63. Kf3 h5 64. Ke3 Kd6 65. Kd4 Ke6 66. Ke4 Kf6 67. Kf3 Kf5 68. Ke3 Ke5 69. Kf3 Kd4 70. Kf2 Ke4 71. Ke2 Kf4 72. h4 g4 73. Kf2 g3+ 74. Kf1 Kf3 75. Kg1 g2 76. Kh2 Kf2 77. Kh3 g1R 0-1

[Event "Kouty nad Desnou op-A"]
[Site "Kouty nad Desnou"]
[Date "2017.03.11"]
[Round "1"]
[White "Tresnak, Lukas"]
[Black "Novy, Filip"]
[Result "0-1"]
[WhiteElo "1864"]
[BlackElo "2227"]
[PlyCount "56"]
[EventDate "2017.03.11"]
[EventType "swiss"]
[EventRounds "9"]
[EventCountry "CZE"]
[SourceTitle "CBM 177 Extra"]
[Source "ChessBase"]
[SourceDate "2017.04.27"]
[SourceVersion "1"]
[SourceVersionDate "2017.04.27"]
[SourceQuality "1"]

1. c4 Nf6 2. Nc3 c5 3. e4 Nc6 4. g3 e6 5. Bg2 Be7 6. Nge2 0-0 7. 0-0 a6 8. d3 Rb8 9. a4 d6 10. f4 Bd7 11. h3 Nd4 12. Nxd4 cxd4 13. Ne2 e5 14. b4 Ne8 15. b5 f5 16. Kh2 Kh8 17. Ba3 g6 18. Rb1 axb5 19. axb5 Nf6 20. Qe1 fxe4 21. dxe4 Be6 22. Qb4 Re8 23. Qb3 Rc8 24. Rbc1 Nd7 25. Qd3 Qc7 26. fxe5 dxe5 27. Bxe7 Rxe7 28. Qa3 Qc5 0-1

[Event "CZE-chT U18 Extraliga West 1617"]
[Site "Czech Republic"]
[Date "2017.01.21"]
[Round "7.3"]
[White "Mladek, Richard"]
[Black "Novy, Filip"]
[Result "0-1"]
[WhiteElo "2055"]
[BlackElo "2007"]
[PlyCount "69"]
[EventDate "2016.10.01"]
[EventType "team-tourn"]
[EventRounds "11"]
[EventCountry "CZE"]
[SourceTitle "EXT 2022"]
[Source "ChessBase"]
[SourceDate "2021.10.06"]
[SourceVersion "1"]
[SourceVersionDate "2021.10.06"]
[SourceQuality "1"]
[WhiteTeam "Vlasim U18"]
[BlackTeam "Praha Oaza U18"]
[WhiteTeamCountry "CZE"]
[BlackTeamCountry "CZE"]

1. e4 c5 2. Nf3 e6 3. d4 cxd4 4. Nxd4 Nf6 5. Nc3 d6 6. Bd3 Nc6 7. Nb3 a6 8. 0-0 Be7 9. Qe2 0-0 10. f4 Qc7 11. Bd2 b5 12. Rae1 b4 13. Nd1 g6 14. Ne3 Bb7 15. c4 Nd7 16. Qf2 a5 17. Nc2 Bf6 18. Nbd4 Nc5 19. Qe3 Nxd4 20. Nxd4 Nxd3 21. Qxd3 d5 22. e5 dxc4 23. Rc1 Qd7 24. Rxc4 Qd5 25. Rf2 Ba6 26. b3 Be7 27. Be3 Rac8 28. Rfc2 Rfd8 29. Kf2 Bxc4 30. bxc4 Qb7 31. f5 exf5 32. c5 Rxc5 33. Rxc5 Bxc5 34. Nb3 Rxd3 35. Nxc5 0-1

[Event "CZE-chT U18 Extraliga West 1617"]
[Site "Czech Republic"]
[Date "2016.12.03"]
[Round "5.3"]
[White "Vitak, Jiri"]
[Black "Novy, Filip"]
[Result "0-1"]
[WhiteElo "1925"]
[BlackElo "2007"]
[PlyCount "52"]
[EventDate "2016.10.01"]
[EventType "team-tourn"]
[EventRounds "11"]
[EventCountry "CZE"]
[SourceTitle "EXT 2022"]
[Source "ChessBase"]
[SourceDate "2021.10.06"]
[SourceVersion "1"]
[SourceVersionDate "2021.10.06"]
[SourceQuality "1"]
[WhiteTeam "Liberec Desko U18"]
[BlackTeam "Praha Oaza U18"]
[WhiteTeamCountry "CZE"]
[BlackTeamCountry "CZE"]

1. d4 Nf6 2. c4 e6 3. Nf3 c5 4. d5 exd5 5. cxd5 d6 6. Nc3 g6 7. h3 Bg7 8. e4 0-0 9. Bd3 Re8 10. 0-0 c4 11. Bxc4 Nxe4 12. Nxe4 Rxe4 13. Qc2 Re8 14. Bf4 Qf6 15. Rae1 Bd7 16. Rxe8+ Bxe8 17. Bg5 Qxb2 18. Qxb2 Bxb2 19. Rb1 Ba3 20. Rxb7 Nd7 21. Nd4 Ne5 22. Bb3 Bc5 23. Nc6 Nd3 24. Be3 Bxe3 25. fxe3 Nc5 26. Rxa7 Bxc6 0-1

[Event "CZE-chT U18 Extraliga West 1617"]
[Site "Czech Republic"]
[Date "2016.10.02"]
[Round "4.3"]
[White "Hurdzan, Tomas"]
[Black "Novy, Filip"]
[Result "1/2-1/2"]
[WhiteElo "2182"]
[BlackElo "2007"]
[PlyCount "62"]
[EventDate "2016.10.01"]
[EventType "team-tourn"]
[EventRounds "11"]
[EventCountry "CZE"]
[SourceTitle "EXT 2022"]
[Source "ChessBase"]
[SourceDate "2021.10.06"]
[SourceVersion "1"]
[SourceVersionDate "2021.10.06"]
[SourceQuality "1"]
[WhiteTeam "Klatovy U18"]
[BlackTeam "Praha Oaza U18"]
[WhiteTeamCountry "CZE"]
[BlackTeamCountry "CZE"]

1. e4 c5 2. Nf3 e6 3. d4 cxd4 4. Nxd4 Nf6 5. Nc3 d6 6. g4 h6 7. h4 Nc6 8. Rg1 h5 9. gxh5 Nxh5 10. Bg5 Nf6 11. Be2 a6 12. Qd2 Qb6 13. Nb3 Qc7 14. 0-0-0 b5 15. a3 Rb8 16. f4 b4 17. axb4 Rxb4 18. Bf3 Na5 19. Nxa5 Qxa5 20. Kb1 Qa3 21. b3 Nd7 22. e5 Nc5 23. exd6 Bd7 24. Bd5 f6 25. f5 exd5 26. Qxd5 Rxb3+ 27. cxb3 Bxf5+ 28. Qxf5 Qxb3+ 29. Ka1 Qxc3+ 30. Kb1 Qb3+ 31. Ka1 Qa3+ 1/2-1/2